| 000 | 00636nam a2200157Ia 4500 | ||
|---|---|---|---|
| 008 | 151213s9999 xx 000 0 und d | ||
| 020 | _a984-8401-41-4 | ||
| 100 | _aবেডসমন্ড: আই.ভেসি, আব্দুস সেলিম। | ||
| 245 |
_aগ্যলিলিও _cবেডসমন্ড: আই.ভেসি, আব্দুস সেলিম। |
||
| 260 |
_aঢাকা _bশুভ প্রকাশ। _c2005 |
||
| 300 | _a8511 p. | ||
| 650 | _aBangla | ||
| 650 | _aBengali Literature | ||
| 700 | _aবেডসমন্ড: আই.ভেসি, আব্দুস সেলিম। | ||
| 999 |
_c4348 _d4348 |
||